Bezsnímačový rýchlostný servopohon s AM s pozorovaním stavových veličín spätnoväzbovými pozorovateľmi : čís. ved. odb. 38-01-9, dát. obhaj. 23.11.2007

Guardado en:
Detalles Bibliográficos
Autor principal: Gacho, Juraj (Autor)
Otros Autores: Žalman, Milan, 1945- (Orientador)
Formato: Manuscrito Libro
Lenguaje:eslovaco
Publicado: Bratislava : STU v Bratislave FEI, 2007
Materias:
Etiquetas: Agregar Etiqueta
Sin Etiquetas, Sea el primero en etiquetar este registro!

MARC

LEADER 00000ntm a22000003a 4500
001 stu158387
005 20160719165049.5
008 080221s2007------------------------slo-d
040 |a STU  |b slo 
041 0 |a slo 
100 1 |a Gacho, Juraj  |4 aut 
245 1 |a Bezsnímačový rýchlostný servopohon s AM s pozorovaním stavových veličín spätnoväzbovými pozorovateľmi :  |b čís. ved. odb. 38-01-9, dát. obhaj. 23.11.2007 
260 |a Bratislava :  |b STU v Bratislave FEI,  |c 2007 
300 |a 108 s 
650 7 |a Automatizácia a riadenie  |2 stusub 
650 7 |a servopohony  |2 stusub 
700 1 |a Žalman, Milan,  |d 1945-  |4 ths  |u E010  |T FEI Ústav riadenia a priemyselnej informatiky  |X 4928  |U E010  |Y E010  |7 A000004928 
996 |b 284ED01172  |c E*ZP-36  |l EE01  |s A  |a 24  |w stu158387_0001